Ayurvedic drug plants (Record no. 3393)

MARC details
000 -LEADER
fixed length control field 00696 a2200205 4500
010 ## - LIBRARY OF CONGRESS CONTROL NUMBER
LC control number ENG-85686
020 ## - INTERNATIONAL STANDARD BOOK NUMBER
Terms of availability 1800.00
International Standard Book Number 8170354528
035 ## - SYSTEM CONTROL NUMBER
System control number EN-69219
037 ## - SOURCE OF ACQUISITION
Source of stock number/acquisition D.B.Act / Pub
082 14 - DEWEY DECIMAL CLASSIFICATION NUMBER
Classification number 615.321
090 ## - LOCALLY ASSIGNED LC-TYPE CALL NUMBER (OCLC); LOCAL CALL NUMBER (OCLC)
-- 3460
-- 3460
100 1# - MAIN ENTRY--PERSONAL NAME
Personal name Dhiman, Anil Kumar
245 1# - TITLE STATEMENT
Title Ayurvedic drug plants
Statement of responsibility, etc by Anil Kumar Jain
260 ## - PUBLICATION, DISTRIBUTION, ETC. (IMPRINT)
Place of publication, distribution, etc Delhi
Name of publisher, distributor, etc Daya Publishing House
Date of publication, distribution, etc 2007
270 ## - ADDRESS
Address 1123/74, Deva Ram Park, Tri Nagar
City Delhi
Postal code 110 035
Telephone number 011-27383999
Fax number 011-23244987
Electronic mail address dayabooks@vsnl.com
300 ## - PHYSICAL DESCRIPTION
Extent xxiii, 598 p.
Dimensions 22 cm ( Hb.)
500 ## - GENERAL NOTE
General note Includes index
942 ## - ADDED ENTRY ELEMENTS (KOHA)
Institution code [OBSOLETE] dpl
Koha item type English Books
Call number prefix 615.321 / DHI
Holdings
Withdrawn status Lost status Source of classification or shelving scheme Damaged status Not for loan Collection code Home library Current library Source of acquisition Cost, normal purchase price Total Checkouts Full call number Barcode Date last seen Copy number Uniform Resource Identifier Cost, replacement price Price effective from Koha item type
    Dewey Decimal Classification   Not For Loan Non-fiction D.B.Act.Division D.B.Act.Division DBAD/PUB 1800.00   615.321 DHI EN-69219 15/09/2008 1 3614 1800.00 15/09/2008 English Books

© Delhi Public Library
Hit Counter
free hit counter